| 000 | 02264cam a22006374i 4500 | ||
|---|---|---|---|
| 003 | PE-LiUPU | ||
| 005 | 20250731170424.0 | ||
| 008 | 180820s2014 ag a rb 000 0 spa d | ||
| 020 | _a9871848366 | ||
| 020 | _a9789871848362 | ||
| 035 | _a(Sirsi) a249711 | ||
| 040 |
_aPE-LiUPU _bspa _cPE-LiUPU _erda |
||
| 049 | _aPRUA | ||
| 082 | 0 | 4 |
_a150 _bS42 _220 |
| 100 | 1 |
_aSerebrinsky, Horacio A., _eautor. |
|
| 245 | 1 | 0 |
_aDiagnóstico sistématico : _bel diagnóstico de los sistemas humanos / _cHoracio A. Serebrinsky, Sonia E. Rodríguez. |
| 264 | 1 |
_aBuenos Aires : _bPsicolibro ediciones, _c2014. |
|
| 300 |
_a326 páginas ; _c22 centímetros. |
||
| 336 |
_atext _2rdacontent |
||
| 337 |
_aunmediated _2rdamedia |
||
| 338 |
_avolume _2rdacarrier |
||
| 490 | 0 | _aColección Psicoterapia | |
| 504 | _aBibliografía : páginas 325-326. | ||
| 505 | 0 | _aIntroducción -- Hacia un diagnóstico sistémico -- Primer eje diagnóstico. La estructura del sistema conceptualizaciones -- Segundo eje diagnóstico. La dinámica del sistema conceptualizaciones -- Tercer eje diagnóstico. El problema. Conceptualizaciones -- Diagnóstico de la estructura del sistema -- Diagnóstico de la dinámica del sistema -- Diagnóstico del problema -- El diagnóstico de los sistemas humanos en la práctica. | |
| 526 | _aSEG68 | ||
| 526 | _aSEG70 | ||
| 526 | _aSEG69 | ||
| 526 | _aSEG67 | ||
| 526 | _aSEG43 | ||
| 526 | _aP144 | ||
| 526 | _aP143 | ||
| 526 | _aP131 | ||
| 526 | _aP122 | ||
| 526 | _aP120 | ||
| 526 | _aP117 | ||
| 526 | _aP112 | ||
| 526 | _aP110 | ||
| 526 | _aP106 | ||
| 526 | _aP101 | ||
| 526 | _aP80 | ||
| 526 | _aP59 | ||
| 526 | _aP54 | ||
| 526 | _aP35 | ||
| 526 | _aP33 | ||
| 526 | _aP30 | ||
| 541 | _g0002-00005346; | ||
| 650 | 0 | 4 |
_aPsicología. _95567 |
| 650 | 0 | 4 | _aEnsayo. |
| 700 | 1 |
_aRodríguez, Sonia E., _eautor. |
|
| 910 |
_adbm _bncf _cncf _d20180820 |
||
| 942 |
_2ddc _cBOOK |
||
| 994 |
_aC0 _bPEPRU |
||
| 598 | _aCATALOGING | ||
| 596 | _a1 | ||
| 999 |
_a150 S42 _wLC _c29242 _i79310 _f2021-11-3 _g4 _lCCODEBUL1 _mBUL _p13.00 _r0 _sY _tBOOK _u2018-8-20 _xSALUD _zP54 _0COMPRA _1FCOMPRA _o.STAFF. Colección Ciencias de la Salud _d29242 |
||
| 980 |
_81 _gALBERTO SANCHEZ Responsable de Automatización |
||